| 000 | 00792nam a2200217 a 4500 | ||
|---|---|---|---|
| 005 | 20240524063658.0 | ||
| 008 | 050511s1994 mx r 000 0 spa d | ||
| 020 | _a9706204911 | ||
| 035 | _aUPN01000138587 | ||
| 049 | _aCG | ||
| 050 | 4 |
_aF1391 Y3 _bM8.9 |
|
| 100 | 1 |
_aMuñoz Cruz, Héctor _929567 |
|
| 245 | 1 | 0 |
_aYancuitlalpan : _btradición y discurso ritual / _cHéctor Muñoz Cruz, Rossana Podestá Siri. |
| 260 |
_aMéxico : _bUAM-Azcapotzalco, División de Ciencias Sociales y Humanidades, _c1994. |
||
| 300 | _a205 p. | ||
| 440 | 0 |
_aIztapalapa : texto y contexto ; _v19 |
|
| 651 | 4 |
_aYANCUITLALPAN, PUEBLA - _xVIDA SOCIAL Y COSTUMBRES _916267 |
|
| 650 | 4 |
_aIndígenas de México _zPuebla _xLenguas _916266 |
|
| 700 | 1 |
_aPodestá Siri, Rossana Stella, _ecoaut. _937608 |
|
| 905 | _aLibro | ||
| 999 |
_c110735 _d110735 |
||